00729cam a22002291 4500001001300000003000400013005001700017008004100034010001700075035002000092040002300112042001200135050001900147100004100166245006600207260004700273300001800320600003300338700004400371700006700415999001700482ne 63000780 DLC20260227111744.0890514s1955 ua 000 0bara  ane 63000780  a(OCoLC)23495606 aDLCcMiUdOCldDLC apremarc00aBP75b.I2 19552 aIbn Hishām, ʻAbd al-Malik,d-834.10aTahdhīb Sīrat Ibn Hishām /cʻAbd al-Salām Hārūn. aal-Qāhirah :bDār Saʻd Miṣr,c1955. a2v. ;c25 cm.00aMuḥammad,cProphet,d-632.1 aHārūn, ʻAbd al-Salām Muḥammad.22aIbn Hishām, ʻAbd al-Malik,d-834.tSīrat Rasūl Allāh. c45782d45782